000 01087nam0a22002531 4500
001 v19\rc\1517183
005 20260405065226.0
035 _a(NLR Aleph) 004688301
090 _a3899762
_c3899762
100 _a20060620d1885 |||y0rusy50 ca
101 0 _arus
102 _aRU
105 _ay z |||||
200 1 _aСвод узаконений о евреях, с изменениями, последовавшими по 15 октября 1884 года, и разъяснениями из решений Правительствующего сената и министерских циркуляров
_fСост. Е.Б. Левин
210 _aСанкт-Петербург
_cтип. М.М. Стасюлевича
_d1885
215 _a[12], XLIV, [2], 642, 45 с.
_d25
700 1 _4220
_8rus
_7ca
_aЛевин
_bЭ.Б.
_cюрист
_f1820-1913
_gЭммануил Борисович
_3RU\NLR\AUTH\7723086
_96140
801 0 _aRU
_bNLR
_gpsbo
801 1 _aRU
_bProSoft-M
_2rusmarc
852 _aNLR
_j115/719
852 _aNLR
_bМф
_jК1/22812
942 _cBOOK
980 _aNB